|
|
|
|
| LEADER |
00000nta a2200000 i 4500 |
| 001 |
dolg3774 |
| 005 |
20160602131817.0 |
| 008 |
151207suuuu hu om 000 hun d |
| 040 |
|
|
|a BGE Dolgozattár Repozitórium
|b hun
|
| 041 |
|
|
|a hu
|
| 100 |
1 |
|
|a Császár Zsófia
|
| 245 |
1 |
0 |
|a Vállalkozzunk! - Megéri?
|b Vállalkozói aktivitás és motiváló tényezőinek vizsgálata
|c Császár Zsófia
|h [elektronikus dokumentum]
|
| 695 |
|
|
|a Vállalkozás
|
| 695 |
|
|
|a Motiváció elmélet
|
| 700 |
1 |
|
|a Forgács Dr. Anna
|e ths
|
| 856 |
4 |
0 |
|u http://dolgozattar.uni-bge.hu/3774/1/Cs%C3%A1sz%C3%A1r%20Zs%C3%B3fia%20-%20szakdolgozat.pdf
|z Dokumentum-elérés
|